Chương trình bồi dưỡng phương pháp giảng dạy cho giáo viên tiếng Anh trung học phổ thông : Kèm theo Quyết định số 599/QĐ-BGDĐT ngày 23 tháng 12 năm 2013 của Bộ GDĐT

Chương trình bồi dưỡng phương pháp giảng dạy được biên soạn nhằm thống nhất nội dung bồi dưỡng giáo viên tiếng Anh THPT trên toàn quốc, nâng cao năng lực giảng dạy của giáo viên, qua đó nâng cao chất lượng học tập của học sinh THPT....

Description complète

Enregistré dans:
Détails bibliographiques
Format: Livre
Langue:Undetermined
Publié: Hà Nội Nxb. Hà Nội 2013
Sujets:
Tags: Ajouter un tag
Pas de tags, Soyez le premier à ajouter un tag!
Thư viện lưu trữ: Trung tâm Học liệu Trường Đại học Cần Thơ
LEADER 01104nam a2200193Ia 4500
001 CTU_237667
008 210402s9999 xx 000 0 und d
082 |a 428.00712 
082 |b Ch561 
245 0 |a Chương trình bồi dưỡng phương pháp giảng dạy cho giáo viên tiếng Anh trung học phổ thông : 
245 0 |b Kèm theo Quyết định số 599/QĐ-BGDĐT ngày 23 tháng 12 năm 2013 của Bộ GDĐT 
260 |a Hà Nội 
260 |b Nxb. Hà Nội 
260 |c 2013 
520 |a Chương trình bồi dưỡng phương pháp giảng dạy được biên soạn nhằm thống nhất nội dung bồi dưỡng giáo viên tiếng Anh THPT trên toàn quốc, nâng cao năng lực giảng dạy của giáo viên, qua đó nâng cao chất lượng học tập của học sinh THPT. 
650 |a Tiếng Anh,English language 
650 |x Dạy và học (Trung học),Study and teaching (Secondary) 
910 |b vtbtruc 
980 |a Trung tâm Học liệu Trường Đại học Cần Thơ